Datum a čas kvízu
19.5
Celkem bodů
Celkový počet nahraných bodů na tomto kvízu bez doplňovacích otázek.
10.
Pořadí na kvízu
Konečné umístění týmu na tomto kvízu.
Zaznamenané odpovědi
| # | Otázka | Odpověď | Body | Výsledky |
|---|---|---|---|---|
| 1. | Rada České televize minulý týd... | Sama doma | 0 | |
| 2. | Cukrárna Café Lieb v německém... | C) na tancích a s děly | 0 | |
| 3. | Jak se jmenuje město na Svitav... | Moravská Třebová | 0 | |
| 4. | V odborné anketě Světové auto... | Kia | 0 | |
| 5. | V těchto dnech začíná play-off... | Dallas Stars | 1 | |
| 6. | Togo a Tonga sice mají podobné... | A | 0 | |
| 7. | Dříve v Prusku, nyní v Rusku.... | Kaliningrad | 1 | |
| 8. | Který z těchto států má největ... | A | 1 | |
| 9. | Který jazyk je úředním na územ... | angličtina; španělština | 0.5 | |
| 10. | Ke kvízu patří i pivo, které s... | Turnov; Trutnov | 0 |